000 00381nam a2200145Ia 4500
008 150201s2002 xx 000 0 und d
082 _a612.015
_bB2002D
100 _aDEVLIN
245 _aTEXTBOOK OF BIOCHEMISTRY WITH CLINICAL CORRELATIONS
250 _a5TH
260 _bWILEY BLACKWELL PUBLISHING
_aU.S.A
_c2002
300 _a1-1216
650 _aBIOCHEMISTRY
942 _2ddc
_cBK
999 _c2593
_d2593